000 01026nam a22003017a 4500
003 DO-SdBPM
005 20250304104606.0
008 210426b 2012 ch 00| 0 spa d
020 _a9787513802611
040 _aDO-SdBPM
_bspa
_cBPMSU
082 4 _a495.1
_bL383c 2012
_222
092 _a
100 1 _aLaurette,Zhang
_d
245 1 0 _a ¡La cena está lista! = 晚餐准备好了 /
_c Laurette Zhang ; traducido por Yao Bei
260 _aRepública Popular, China :
_bSonolingua,
_c2012
_b
300 _a29 p. :
_bils. ;
_c27 cm.
490 0 _aMi primer libro de cuentos chinos = 我的第一本中国故事书
500 _3
590 _aInventariado, 2023/VM
650 4 _aChino
_xEnseñanza primaria
650 4 _aCuentos infantiles chinos
650 4 _aLibros ilustrados para niños
_v
700 1 _3Yao, Bei
_eilustraciones
700 1 _3Sánchez-Vincitore, Laura V.
_einvestigadora
700 1 _3Veras, Cledenin
_einvestigador pedagógico
910 _aVMateo V. Control de calidad. BPMSU
942 _2ddc
_cBK
999 _c14966
_d14966